Nom du film ? - Statistiques

Statistiques générales
  • Ce quiz a été pris 110 fois
  • Le résultat moyen est 11 sur 16
Statistiques - réponses
Par images Réponse % Correct
avatar
99%
forrest gump
94%
les bronzés font du ski
94%
intouchable
93%
hunger games
89%
interstellar
81%
le comte de monte cristo
81%
fight club
77%
la tour montparnasse infernale
67%
la boum
66%
the truman show
64%
mamma mia
61%
l'amour ouf
57%
high school musical
46%
the notebook
27%
le chateau dans le ciel
18%
Aucun quiz correspondant
Distribution des résultats
% des personnes avec chaque résultat
Percentile par nombre de réponses
Votre historique - résultats
Vous n’avez pas pris ce quiz